| 000 | 00937cab a2200265 4500 | ||
|---|---|---|---|
| 001 | ABS59362 | ||
| 008 | 090401t1998 xxu||||| |||| 00| 0 eng d | ||
| 035 | _a(Sirsi) u88703 | ||
| 041 | _aeng | ||
| 100 | _aClancy, D, | ||
| 245 | _aStrategic design cost analysis | ||
| 260 | _c1998 | ||
| 350 | _a0 | ||
| 490 |
_aCost Engineering _v40(8) August 1998, 25-30(6) |
||
| 520 | _aDemonstrates how to determine the future worth of a company by current strategic actions in designing products, selling goods and services which please customers, producing quality products and ensuring timely delivery, and defending against future competition. Tables. References. | ||
| 650 | _aCOMPANIES | ||
| 650 | _aCOST ANALYSIS | ||
| 650 | _aDESIGN COST ANALYSIS | ||
| 650 | _aBUILT ENVIRONMENT-BUILDING MATERIALS | ||
| 650 |
_aValuation _96273 |
||
| 650 | _aWORTH | ||
| 690 | _aRATING AND VALUATION | ||
| 942 | _n0 | ||
| 948 | _c29/09/1998 | ||
| 999 |
_c56071 _d56071 |
||